EA FC24 Premier League TOTS - Statistics

General Stats
  • This quiz has been taken 109 times
  • The average score is 27 of 34
Answer Stats
Rate Club Nation Answer % Correct
97 Man City Norway Erling Haaland
100%
97 Liverpool Netherlands Virgil van Dijk
98%
94 Liverpool Colombia Luis Diaz
97%
95 Liverpool Egypt Mohamed Salah
97%
96 Man City Spain Rodri
97%
95 Arsenal England Bukayo Saka
96%
96 Man City Belgium Kevin de Bruyne
96%
94 Spurs South Korea Heung Min Son
93%
94 Arsenal Norway Martin Odegaard
92%
94 Arsenal France William Saliba
90%
94 Chelsea England Cole Palmer
89%
94 Liverpool Brazil Alisson
88%
96 Arsenal England Declan Rice
88%
94 Man United Portugal Bruno Fernandes
87%
94 Man City England Phil Foden
87%
93 Aston Villa England Ollie Watkins
85%
92 Liverpool Argentina Alexis Mac Allister
83%
92 Arsenal Germany Kai Havertz
83%
92 Man City Belgium Jeremy Doku
81%
92 Man City Argentina Julian Alvarez
81%
92 Liverpool France Ibrahima Konate
80%
92 Man United Argentina Alejandro Garnacho
79%
92 Spurs Argentina Cristian Romero
76%
92 West Ham Ghana Mohammed Kudus
75%
91 Arsenal Brazil Gabriel
71%
91 Arsenal England Ben White
69%
90 Liverpool Hungary Dominik Szoboszlai
67%
90 Fulham USA Antonee Robinson
60%
92 Chelsea France Christopher Nkunku
60%
91 West Ham England Jarrod Bowen
58%
90 Aston Villa Scotland John McGinn
58%
91 Aston Villa Brazil Douglas Luiz
51%
92 Man United England Kobbie Mainoo
51%
90 Brighton Ecuador Pervis Estupinan
48%
No matching quizzes found
Score Distribution
Percent of People with Each Score
Percentile by Number Answered
Your Score History
You have not taken this quiz